1401 1780 1179 1683 1886 1807 1580 1808 1845 1391 1885 1869 1062 1091 1701 1275 1508 1388 1181 1589 1069 1610 1120 1713 1612 1792 1932 1598 1871 1645 1222 1674 1975 1417 1133 1222 1402 1852 1250 1486 1668 1358 1940 1595 1647 1383 1159 1600 1119 1290 1022 1454 1345 1948 1870 1458 1712 1138 1773 1462 1973 1289 1902 1266 1906 1273 1068 1353 1033 1009 1734 1441 1284 1097 1312 1476 1404 1417 1654 1327 1239 1487 1327 1722 1140 1263 1199 1319 1283 1540 1977 1881 1782 1687 1982 1995 1614 1527 1321 BCNSPRNW ULIB Ver.6.0+V

เปลี่ยนเป็นภาษาไทย

Change to English
 แสดงรายละเอียดบรรณานุกรม
  กลับหน้าหลัก

Brief Record : Get Marc (ISO 2709) : E-mail record : QR code < ปิดหน้าต่าง
LEADER : 00000nam 2200000uu 4500
001    13399120922
003     ULIB
008    121025s2553||||th 000 0 tha d
020    ^a9786165511889
060 04 ^aWS100^bน313O
245 00 ^a Best practice in pediatrics /cบรรณาธิการ, นวลจันทร์ปราบพาล ... [และคนอื่นๆ]
246 14 ^aการอบรมระยะสั้น กุมารเวชศาสตร์ 2553
250    ^aพิมพ์ครั้งที่ 1
260    ^aกรุงเทพฯ :^bภาควิชากุมารเวชศาสตร์ คณะแพทยศาสตร์จุฬาลงกรณ์มหาวิทยาลัย,^c2553
300    ^aix, 378 หน้า :^bภาพประกอบ ;^c27 ซม.
650  7 ^aกุมารเวชศาสตร์
700 0  ^aนวลจันทร์ ปราบพาล,^eบรรณาธิการ
710 2  ^aจุฬาลงกรณ์มหาวิทยาลัย. ^bคณะแพทยศาสตร์.^bภาควิชากุมารเวชศาสตร์
945    ^p0^l0^i19548
945    ^p0^l0^i17862
995    ^aเกษร
999    ^aใช้งานได้ทุกระบบ
รายการนี้ยังไม่มีแท็ก
คุณยังไม่ได้ล็อกอิน คุณสามารถมีกิจกรรมร่วมกับเว็บไซต์ได้ แต่ต้องล็อกอินก่อน ::
  ล็อกอิน

รายการสื่อสารสนเทศ

ลำดับที่ ประเภท เลขเรียก/บาร์โค้ด สถานที่ สถานะ
1. วิทยาศาสตร์การแพทย์ และสุขภาพ
วิทยาศาสตร์การแพทย์ และสุขภาพ
WS100 น313O  
  Barcode: 19548
ห้องสมุดวิทยาเขตนครสวรรค์
►ส่วนจัดเก็บหนังสือเก่า นว.
บนชั้น
  ขอยืม
2. วิทยาศาสตร์การแพทย์ และสุขภาพ
วิทยาศาสตร์การแพทย์ และสุขภาพ
WS100 น313O ฉ.2 
  Barcode: 17862
ห้องสมุดวิทยาเขตนครสวรรค์
►ส่วนจัดเก็บหนังสือเก่า นว.
บนชั้น
  ขอยืม

รายการใกล้เคียง
    ชื่อเรื่อง [Best practice in pediatrics /cบรรณาธิการ, นวลจันทร์ปราบพาล ... [และคนอื่นๆ]]

    หัวเรื่อง [กุมารเวชศาสตร์]

BibComment


ยังไม่เคยถูกคอมเมนท์

คอมเมนท์ทรัพยากรรายการนี้
  คอมเมนท์: Best practice i..


 Copyright 2026. Bcnsprnw @Library